000 00468nam a2200181Ia 4500
005 20230609113041.0
008 131103s9999 xx 000 0 und d
040 _aLoreto College
041 _aEnglish
082 _a808.7
_bMAR
100 _aMarx, Groucho
245 4 _aThe Secret word is Groucho
_cGroucho Marx
260 _aNew york
_bBerkley publishing corporation
_c1977
300 _a197p.
650 _aEnglish literature
850 _aLCLIB
942 _cBK
999 _c20908
_d71387